000 00780nam a2200217 a 4500
001 47293
003 BD-RjUL
005 20211209054305.0
008 160808s1962 pk a f000 0 eng
035 _a(BD-RjUL)47412
040 _aDLC
_cWaU
_dDLC
_dBD-RjUL
_beng
041 _aeng
082 _223
_a791.43709549
_bPAR 1962
110 1 _aPakistan.
_bFilm Fact Finding Committee.
_9163110
245 1 0 _aReport of the Film Fact Finding Committee, Govt. of Pakistan, Ministry of Industries, April 1960-April 1961 /
_cPakistan. Film Fact Finding Committee.
260 _aKarachi :
_bManager of Publications,
_c1962.
300 _axi, 408 p. :
_bill ;
_c25 cm.
650 0 _aMotion picture industry
_zPakistan.
_9143947
650 0 _aMotion pictures
_zPakistan.
_9143948
942 _2ddc
_cBK
999 _c47293
_d47293